[Event "FIDE Chesscom Grand Swiss 2021"]
[Site "Riga"]
[Date "2021.10.28"]
[Round "2.53"]
[White "Suleymanli, Aydin"]
[Black "Durarbayli, Vasif"]
[Result "0-1"]
[WhiteElo "2541"]
[BlackElo "2629"]
[Annotator "TA"]
[PlyCount "146"]
[EventDate "2021.10.27"]
[EventType "swiss"]
[EventCountry "LAT"]
[Tiebreak "Cut1 Buchholz+Sonneborn-Berger (Swiss)"]
[SourceTitle "playchess.com"]
[Source "ChessBase"]
[SourceQuality "1"]

{[%evp 9,146,7,5,0,7,12,5,0,0,0,37,39,36,35,94,90,131,65,83,7,17,19,15,-14,-9,
-34,-31,-36,73,81,145,120,111,60,71,64,73,23,44,17,1,0,0,0,32,44,92,102,92,94,
91,94,79,75,239,249,210,67,69,49,64,54,50,0,0,-78,-73,-75,0,-64,-57,-78,0,-62,
-50,-100,-52,-52,-54,-70,-59,-71,-50,-63,-51,-102,-112,-117,-50,-86,-36,-179,
-157,-172,-83,-127,-139,-144,-143,-186,-121,-405,-402,-845,138,-201,-200,-362,
-192,-240,-192,-474,-474,-474,-447,-439,-420,-474,-466,-454,-425,-358,0,-456,
-439,-457,-450,-964,-483,-463,-424,-372,0,-370,0,-1158,-1100,-1432,-1277]} 1.
Nf3 d5 2. e3 Nf6 3. c4 c6 4. b3 Bf5 5. Bb2 e6 6. Nc3 {A12: English Opening: 1..
.c6 with b3 by White.} Nbd7 7. Nh4 Bg4 8. Be2 {[#] The position is equal.} Nc5
$146 ({Predecessor:} 8... Bxe2 9. Qxe2 Nc5 10. O-O dxc4 11. bxc4 Qd3 12. Nf3
O-O-O 13. Rfd1 Qxe2 14. Nxe2 Nd3 15. Bxf6 gxf6 {0-1 (74) Taghizadeh,R (2311)
-Vazquez,G (2527) chess.com INT 2021}) 9. f3 Bh5 (9... Nfe4 $5 {[%cal Rd8h4]}
10. g3 Nxc3 11. Bxc3 Bh3 $11) 10. d4 Ncd7 11. g3 Bd6 (11... Bb4 $14) 12. e4 $1
$16 Qa5 13. O-O (13. cxd5 $1 $16 cxd5 14. e5) 13... dxc4 $14 14. bxc4 (14. Bxc4
$16 O-O-O 15. Qc1) 14... g5 $1 $11 {[%cal Rg5h4]} 15. Ng2 e5 $1 16. f4 (16. Qa4
$5 {[%cal Ra4a5]} Qb6 {[%mdl 64] Double Attack} 17. Qc2 Qxd4+ 18. Kh1 $11)
16... exd4 (16... Bxe2 $2 17. Nxe2 gxf4 18. gxf4 $16) 17. Nb5 cxb5 18. Bxh5
O-O-O (18... Nxh5 $15 {stays ahead.} 19. Bxd4 Nxg3 $1 20. hxg3 Rg8) 19. e5 $1
$16 {[%cal Re5d6]} (19. Qxd4 $2 Bc5 $19) (19. fxg5 Nxh5 20. Qxh5 bxc4 $17)
19... Bc5 (19... bxc4 $142 20. exf6 (20. exd6 c3 $16) 20... Nxf6) 20. Bxf7 Rhf8
21. Bd5 ({Don't play} 21. exf6 $6 Rxf7 22. cxb5 Rxf6 $11) ({Much worse is} 21.
fxg5 $6 Nxe5 22. gxf6 Nxf7 $11) ({White should play} 21. e6 $16 Rxf7 22. exf7
bxc4 23. fxg5 (23. Bxd4 Nf8 $17)) 21... bxc4 22. Bxc4 Ne4 23. Bd3 (23. Qd3 $5 {
[%cal Rd3e4]} Nc3 24. Rae1 $16 (24. Qxh7 gxf4 25. Nxf4 Nxe5 $17)) 23... Nc3 {
[%cal Rc3d1]} 24. Qc2 gxf4 25. gxf4 Kb8 26. Kh1 Rde8 27. Rac1 {[%cal Rb2c3]}
Bb6 28. Bxc3 dxc3 29. Qxc3 Qxa2 30. Bc4 Qa5 31. Qb2 Bc5 $2 (31... Re7 $16 {
might work better.}) 32. e6 $1 $18 {[%cal Re6d7]} Ba3 33. Qa1 (33. Qa2 $1 $18
Nb6 34. Ra1 Nxc4 35. Qxc4) 33... Nb6 $14 34. Bb3 $1 {Black must now prevent f5!
} Rf5 $1 35. Rc2 (35. Rb1 {is interesting.} Be7 36. Qg7 Qc5 37. Rfc1 Qd6 38.
Qxh7 Rb5 39. Qe4) 35... Be7 36. Ra2 Qb5 37. Rf3 (37. Qb1 $11) 37... Bf6 $17 38.
Qd1 Qb4 (38... Rc5 $1 $17 39. Ne1 Qc6) 39. Rd2 (39. Qd2 $11 Qxd2 40. Rxd2)
39... Ra5 $15 {Strongly threatening ...Ra1.} 40. Ra2 Rf5 (40... Rxa2 $17 41.
Bxa2 Qb2) 41. Rd3 (41. Rd2 $11) 41... Rc5 42. Qd2 Qe4 43. Rc2 Rxc2 44. Qxc2 {
And now Rd8+! would win.} Rc8 45. Rc3 {[%cal Rc3c8]} Qb4 $40 {[%mdl 128] Black
mounts an attack.} 46. Rxc8+ Nxc8 47. h3 (47. Qc4 $15 Qxc4 48. Bxc4) 47... a5
$17 48. Kh2 Nd6 (48... h5 $17 49. Qd1 Be7) 49. Qd3 h5 50. Bc2 ({White should
try} 50. h4 $1 $15) 50... h4 $1 $19 51. Kh1 Bd8 (51... Be7 $1 $19 52. Qh7 {
[%mdl 64] Double Attack} Nb5) 52. f5 Bg5 53. Qd5 {[#] Threatens to win with
Qe5.} Bf6 54. Qd1 {[#]} Qc5 (54... Qa3 $1 $19 55. Ne3 Bg5) 55. Nf4 $2 {[%mdl
8192]} (55. Qd3 $17 {was worth a try.}) 55... Nxf5 56. Nd5 (56. Qd2 $142) 56...
Ne3 $2 ({Better is} 56... Bd4 $19 57. Nf4 Ne3 {[%mdl 64] Double Attack}) 57.
Nxe3 {[%mdl 8192]} (57. Nxf6 $16 {is forced if you want to stay better. Hoping
for Nd7+.} Qe7 58. Qd4 Qxe6 59. Qd8+ {[%mdl 64] Double Attack} Ka7 60. Qxa5+
Kb8 61. Qd8+ Ka7 62. Qd4+ {[%mdl 64] Double Attack} Kb8 63. Be4 Qxh3+ 64. Kg1)
57... Qxe3 {[%mdl 64] Double Attack} 58. Bf5 (58. Qd3 {only move.} Qxe6 59. Kg2
) 58... Ka7 (58... a4 $142 59. Qd6+ Ka7) 59. Qd5 Qc3 60. Be4 $2 (60. Kg1 {
is a better defense.}) 60... Qxh3+ 61. Kg1 {[%csl Ge4][%cal Rd5b7]} Qg3+ 62.
Kf1 {[%csl Ge4][%cal Rd5b7]} Qc7 63. Ke2 Be7 64. Bg2 Ka6 65. Be4 Ka7 $2 (65...
Qb6 $19 {...Qb4 is the strong threat.} 66. Bg2 Ka7) 66. Qb5 $2 {[%mdl 8192]} (
66. Bg2 $1 $11 {and White has nothing to worry.} Qb6 67. Kd3) 66... Qb6 67. Qd7
Qb4 68. Bf3 (68. Bg2 $142) 68... Qb2+ 69. Kd3 Qb1+ 70. Ke2 Qb2+ 71. Kd3 Qb4 $2
(71... Qb3+ 72. Ke2 Qb4) 72. Ke2 $1 h3 73. Bd5 h2 {Never resign too early! 
Weighted Error Value: White=0.54/Black=0.32} 0-1

[Event "FIDE Chesscom Grand Swiss 2021"]
[Site "Riga"]
[Date "2021.10.28"]
[Round "2.54"]
[White "Rakotomaharo, Fy Antenaina"]
[Black "Pichot, Alan"]
[Result "0-1"]
[WhiteElo "2484"]
[BlackElo "2628"]
[Annotator "TA"]
[PlyCount "82"]
[EventDate "2021.10.27"]
[EventType "swiss"]
[EventCountry "LAT"]
[Tiebreak "Cut1 Buchholz+Sonneborn-Berger (Swiss)"]
[SourceTitle "playchess.com"]
[Source "ChessBase"]
[SourceQuality "1"]

{[%evp 14,82,26,12,12,3,17,7,13,0,0,0,-6,-6,6,0,13,6,21,16,24,0,14,0,28,25,31,
0,22,18,57,0,0,0,0,-25,0,0,0,-2,-2,-5,-3,-3,0,0,0,0,0,0,0,0,0,-22,-23,-37,-35,
-62,0,0,0,-651,-644,-641,-558,-631,-591,-845,-211,-29975,-29973]} 1. e4 e5 2.
Nf3 Nc6 3. Bc4 Bc5 4. c3 Nf6 5. d3 d6 6. O-O O-O 7. Re1 h6 8. h3 a5 $1 {
[%mdl 4] outshines the older 8...a6. C54: Giuoco Piano: 4 c3 Nf6, main lines
with 5 d4 and 5 d3.} 9. Nbd2 a4 10. Nf1 Ra5 {The position is equal.} 11. a3 {
[#]} Bb6 $5 $146 {[%mdl 8] New and interesting.} ({Predecessor:} 11... Be6 12.
Bxe6 fxe6 13. Ng3 Ra8 14. d4 exd4 15. cxd4 Bb6 16. Be3 Qd7 17. Rc1 Na5 {
0-1 (55) Onischuk,V (2633)-Svidler,P (2723) Chess.com INT 2020}) 12. Be3 Bxe3
13. Nxe3 Ne7 14. Ba2 Ng6 15. d4 Qe8 16. Qc2 Be6 17. Bxe6 Qxe6 18. dxe5 Nxe5 19.
Nd4 Qd7 20. c4 Re8 21. Nd5 Qd8 22. b4 (22. Rad1 $14) 22... axb3 $1 $11 23. Qxb3
Rc5 24. Nf5 c6 25. Nxf6+ Qxf6 26. Rad1 Nxc4 27. Qxb7 d5 28. Qd7 Re5 29. f4 $1 {
[%cal Rf4e5]} Re6 (29... Rxe4 $2 30. Rxe4 dxe4 31. Qe8+ Kh7 32. Ne7 $18) 30.
Nd4 ({But not} 30. exd5 Rxd5 31. Rxd5 (31. Qc8+ $2 Kh7 $19) 31... Rxe1+ 32. Kf2
cxd5 $17) 30... Nb6 31. Qa7 Rxe4 32. Rxe4 dxe4 33. Qxb6 Rd5 34. Rd2 {[#]
Threatens to win with Nb3.} e3 35. Rd3 ({Wrong is} 35. Qb8+ $2 Rd8 $19) 35...
Qxf4 (35... Qd6 $15) 36. Qxc6 Qe4 {Hoping for ...e2.} 37. Rd1 $2 {[%mdl 8192]}
(37. Qc3 $11) 37... e2 $19 ({Worse is} 37... Rxd4 38. Qc8+ Kh7 39. Rxd4 $11)
38. Re1 Qxd4+ 39. Kh1 {[#]} Qe4 40. a4 f5 $2 (40... Kh7 {White must now
prevent ...f5.} 41. Kh2 Qf4+ 42. Kg1 Qe3+ 43. Kh2 Rd3) 41. Qb6 $2 (41. Kh2 $19)
41... Kh7 {Weighted Error Value: White=0.49/Black=0.26} 0-1

[Event "FIDE Chesscom Grand Swiss 2021"]
[Site "Riga"]
[Date "2021.10.29"]
[Round "3.1"]
[White "Firouzja, Alireza"]
[Black "Predke, Alexandr"]
[Result "1-0"]
[WhiteElo "2770"]
[BlackElo "2666"]
[Annotator "TA"]
[PlyCount "125"]
[EventDate "2021.10.27"]
[EventType "swiss"]
[EventCountry "LAT"]
[Tiebreak "Cut1 Buchholz+Sonneborn-Berger (Swiss)"]
[SourceTitle "playchess.com"]
[Source "ChessBase"]
[SourceQuality "1"]

{[%evp 27,125,23,26,26,29,18,29,1,25,25,31,29,56,50,74,59,82,68,79,62,92,79,
110,115,84,105,103,104,102,89,124,107,150,103,118,31,27,29,51,24,18,20,28,23,
27,26,25,28,40,7,2,0,10,16,59,59,59,59,59,59,59,59,59,59,59,60,75,52,92,92,92,
92,92,92,83,97,114,114,214,186,245,252,266,258,397,325,572,469,2058,1654,12841,
12842,12842,12843,12843,12843,12844,12844,12845,12841]} 1. e4 e5 2. Nf3 Nc6 3.
Bb5 a6 4. Ba4 Nf6 5. O-O Be7 6. Re1 b5 7. Bb3 d6 8. c3 O-O 9. h3 Re8 10. d4 Bb7
11. Nbd2 Bf8 12. a3 h6 13. Bc2 Nb8 14. b3 Nbd7 15. Bb2 {C93: Closed Ruy Lopez:
Smyslov Variation.} Rb8 16. Rb1 $5 {[%mdl 4] An interesting side line.} g6 {[#]
} 17. Bd3 $146 {White has an edge.} ({Predecessor:} 17. b4 Ba8 18. Bd3 exd4 19.
cxd4 Nb6 20. d5 c6 21. dxc6 Bxc6 22. Rc1 Bb7 23. Nb3 Ba8 24. Nbd4 Bg7 25. Nc6
Bxc6 26. Rxc6 Qd7 27. Rc2 Rbc8 {1/2-1/2 (27) Werten,T (2280)-Mislin,R (2299)
ICCF email 2017}) 17... c6 18. Qc2 Nh5 19. Bf1 Ng7 20. dxe5 dxe5 21. c4 Rc8 22.
Rbd1 Qe7 23. c5 Nxc5 24. Nxe5 Nd7 {[#]} 25. Ndc4 {[%mdl 512]} Nxe5 26. Nxe5
Red8 27. Qc3 {aiming for Ng4.} h5 28. Rxd8 Qxd8 29. Re3 {And now Rd3 would win.
} Rc7 30. Rd3 Qe7 31. Qd2 ({White should play} 31. a4 $16) 31... Bc8 $1 $14 32.
f4 c5 33. Rf3 Ne6 34. a4 Nd4 35. Bxd4 cxd4 36. axb5 axb5 37. Bxb5 Qb4 38. Qxb4
Bxb4 39. Bc4 Kg7 40. Rf2 Ra7 41. Nc6 Ra1+ 42. Rf1 Rxf1+ 43. Kxf1 {[%mdl 4096]
Endgame KBB-KBN} Bd2 44. Ke2 Bxf4 45. Kd3 Bd7 46. Nxd4 g5 47. Kc3 Be5 {Black
is on the road to losing.} 48. Be2 g4 {[#]} 49. hxg4 $1 hxg4 50. Kc4 Kf6 51.
Kd5 Bc8 52. b4 Bb7+ (52... Bh2 $16 {was necessary.}) 53. Nc6 $18 g3 (53... Bg3
$142 54. Bxg4 Ba6 55. e5+ Kg5) 54. b5 Bc7 55. Kc5 Kg5 (55... Ke6 $142 56. Bg4+
Kf6) 56. e5 Kf4 $2 (56... Kf5 {keeps fighting.} 57. Bf3 Bxc6 58. Kxc6 (58. Bxc6
Bxe5 59. b6 Ke6 $16) 58... Bxe5) 57. Bf3 {White is clearly winning.} Ke3 (57...
Ba5 $142 58. Nd4 (58. Nxa5 Bxf3 59. b6 Bxg2 $17) 58... Bc8) 58. b6 Bb8 59. Nxb8
{[%mdl 64] Discovered Attack} Bxf3 60. Nc6 ({Weaker is} 60. gxf3 g2 $16) 60...
Bxg2 61. b7 Be4 62. b8=Q {e6! would kill now.} g2 63. Qb2 {Weighted Error
Value: White=0.08/Black=0.22} 1-0

[Event "FIDE Chesscom Grand Swiss 2021"]
[Site "Riga"]
[Date "2021.10.29"]
[Round "3.3"]
[White "Demchenko, Anton"]
[Black "Aronian, Levon"]
[Result "1/2-1/2"]
[WhiteElo "2651"]
[BlackElo "2782"]
[Annotator "TA"]
[PlyCount "149"]
[EventDate "2021.10.27"]
[EventType "swiss"]
[EventCountry "LAT"]
[Tiebreak "Cut1 Buchholz+Sonneborn-Berger (Swiss)"]
[SourceTitle "playchess.com"]
[Source "ChessBase"]
[SourceQuality "1"]

{[%evp 17,149,0,-2,0,6,0,10,0,0,0,1,0,22,8,28,16,22,20,14,19,30,25,39,39,23,44,
81,81,64,73,75,71,77,81,109,99,100,100,100,95,104,104,118,92,93,92,81,81,113,
113,113,113,113,113,362,355,331,334,356,340,447,447,442,421,380,357,357,357,
380,357,447,357,429,448,470,470,519,519,512,501,486,486,472,457,424,206,206,
206,248,248,285,235,228,221,208,206,176,24,24,24,24,8,8,8,8,8,8,8,8,8,8,8,8,8,
8,8,8,8,8,8,8,8,8,8,8,8,8,0,0,0,0,0,0,0]} 1. e4 e5 2. Nf3 Nf6 3. Nc3 Nc6 4. d4
exd4 5. Nxd4 Bb4 6. Nxc6 bxc6 7. Bd3 O-O 8. O-O d5 9. exd5 cxd5 10. h3 {
C47: Scotch Four Knights and Four Knights with 4 g3.} Be6 11. Qf3 Rb8 12. Rd1
c6 {[#]} 13. Bf4 $146 ({Predecessor:} 13. Ne2 Bd6 14. b3 Be5 15. Rb1 Re8 16.
Ng3 Qc7 17. Re1 Nd7 18. Nh5 Bh2+ 19. Kf1 {1-0 (26) Lugovskoy,M (2451)
-Navalgund,N (2326) Mumbai 2019}) 13... Bd6 14. b3 a5 15. Na4 Rb4 16. c4 Re8
17. Rac1 h6 18. Bf1 Bf8 19. Nc3 Bd6 20. Bxd6 Qxd6 21. Qd3 Qe7 {Black wants to
play ...dxc4.} 22. cxd5 Nxd5 23. Qa6 Nxc3 24. Rxc3 a4 25. bxa4 Rb2 26. Qxc6
Rxa2 27. Re3 Qf8 28. Bb5 Rc8 29. Qb6 Kh8 30. Red3 {Threatens to win with Rd8.}
Qc5 31. a5 Kh7 32. Rd6 g6 33. Bd7 Bxd7 34. Rxd7 Qf5 35. Qa7 $36 {[%mdl 2048]
White is in control.} Kg7 {[#]} (35... Rf8 $16) 36. Qd4+ $1 $18 Kh7 37. Rd5 Qe6
38. Rd6 Rc4 39. Rxe6 Rxd4 40. Rxd4 fxe6 {[%mdl 4096] Endgame KR-KR} 41. Rd7+
Kg8 42. Ra7 h5 43. h4 Ra1+ 44. Kh2 Ra4 45. g3 e5 46. Kg2 e4 47. Kf1 Ra2 48. a6
Kf8 {[#]} 49. Ke1 $1 Ke8 50. Kd1 Kd8 51. Kc1 (51. Ra8+ $142 Kc7 52. Ke1) 51...
Kc8 52. Re7 Rxa6 53. Kd2 ({Less strong is} 53. Rxe4 Ra2 $16) 53... Rf6 54. Ke2
({And not} 54. Rxe4 Rxf2+ 55. Ke3 Rf5 $11) 54... Kd8 55. Rxe4 Kd7 56. Ke3 Rf5
57. g4 $2 ({White should play} 57. Rf4 $18 {And now Rxf5 would win.} Rb5 58.
Re4) 57... hxg4 $1 $11 58. Rxg4 Rh5 $1 59. Re4 Kd6 {The position is equal.} 60.
f3 g5 61. hxg5 Rxg5 62. Kf4 Rg8 63. Kf5 {next f4 is good for White.} Rf8+ 64.
Kg4 Kd5 65. Re7 Rg8+ 66. Kf4 Rf8+ 67. Ke3 Kd6 68. Re4 Rf6 69. Re8 Kd7 70. Re5
Kd6 71. Re4 Rf7 72. Re8 Re7+ 73. Rxe7 Kxe7 74. Kf4 $1 {[%cal Rf4f5]
Threatening mate with Kf5.} Kf6 75. Ke4 {Black defended with fortune. 
Weighted Error Value: White=0.14/Black=0.16} 1/2-1/2

[Event "FIDE Chesscom Grand Swiss 2021"]
[Site "Riga"]
[Date "2021.10.29"]
[Round "3.4"]
[White "Donchenko, Alexander"]
[Black "Vachier-Lagrave, Maxime"]
[Result "1/2-1/2"]
[WhiteElo "2648"]
[BlackElo "2763"]
[Annotator "TA"]
[PlyCount "61"]
[EventDate "2021.10.27"]
[EventType "swiss"]
[EventCountry "LAT"]
[Tiebreak "Cut1 Buchholz+Sonneborn-Berger (Swiss)"]
[SourceTitle "playchess.com"]
[Source "ChessBase"]
[SourceQuality "1"]

{[%evp 9,61,13,18,10,12,19,31,29,20,20,20,20,25,25,27,21,28,28,23,17,20,21,22,
25,19,17,20,15,78,87,86,80,83,80,79,56,58,56,56,44,73,0,0,0,0,0,0,0,0,0,0,0,0,
0]} 1. d4 Nf6 2. c4 g6 3. Nf3 Bg7 4. e3 O-O 5. Be2 c5 6. dxc5 {E60: King's
Indian: Unusual lines and Fianchetto Variation without Nc3.} Ne4 7. Nd4 Nc6 8.
O-O {White is slightly better.} Nxc5 9. Nc3 d6 10. b3 Ne6 11. Nxe6 Bxe6 12. Bb2
Qa5 13. Qc1 {[#]} Rfd8 $146 ({Predecessor:} 13... Rac8 14. Rd1 Ne5 15. Nd5 Bxd5
16. Rxd5 Qc7 17. Rd1 Nd7 18. Bxg7 Kxg7 19. Qb2+ Kg8 {1/2-1/2 (33) Abasov,N 
(2632)-Saric,I (2667) Douglas 2019}) 14. Rd1 d5 15. cxd5 Bxd5 16. Nxd5 Rxd5 17.
Rxd5 Qxd5 18. Bf3 Qa5 (18... Bxb2 $11 19. Qxb2 (19. Bxd5 Bxc1 20. Rxc1 e6 $11)
19... Qa5) 19. Bxg7 $16 Kxg7 20. Bxc6 bxc6 21. Qxc6 {[%mdl 4096] Endgame
KQR-KQR} Rd8 22. g3 Rd2 23. a3 Qe5 24. Rc1 Ra2 25. Qc3 (25. a4 $16) 25... Qxc3
$11 {The position is equal.} 26. Rxc3 Rxa3 {KR-KR} 27. Rc7 e6 28. b4 a5 29.
bxa5 Rxa5 30. Kg2 h5 31. h4 {Weighted Error Value: White=0.05/Black=0.08}
1/2-1/2

[Event "FIDE Chesscom Grand Swiss 2021"]
[Site "Riga"]
[Date "2021.10.29"]
[Round "3.5"]
[White "Tari, Aryan"]
[Black "Fedoseev, Vladimir"]
[Result "1/2-1/2"]
[WhiteElo "2646"]
[BlackElo "2704"]
[Annotator "TA"]
[PlyCount "101"]
[EventDate "2021.10.27"]
[EventType "swiss"]
[EventCountry "LAT"]
[Tiebreak "Cut1 Buchholz+Sonneborn-Berger (Swiss)"]
[SourceTitle "playchess.com"]
[Source "ChessBase"]
[SourceQuality "1"]

{[%evp 9,101,25,18,13,30,27,33,34,37,38,37,0,16,0,0,0,0,3,85,-54,-46,-39,-40,
-50,-69,-55,-72,-61,-53,-75,-53,-43,-54,-67,-89,-176,-179,-233,-153,-167,-169,
-270,-98,-109,-101,-118,-118,-118,-7,-3,140,150,155,171,165,165,147,0,0,0,0,0,
-8,458,455,453,443,432,400,12,12,12,8,8,8,8,8,8,8,8,8,0,0,0,18,0,0,0,0,0,0,0,0,
0]} 1. e4 c6 2. d4 d5 3. e5 c5 4. dxc5 e6 5. a3 Bxc5 6. Nf3 {B12: Caro-Kann:
Advance Variation.} Nc6 7. b4 Bb6 8. Bb2 {White is slightly better.} Nge7 9.
Bd3 Ng6 10. b5 Na5 11. h4 Qc7 12. h5 Nf4 13. Bf1 Nc4 (13... g6 $1 $11 {remains
equal.}) 14. Bd4 {[#]} ({Only move:} 14. Bc3 $1 $16) 14... Ba5+ $146 ({
Predecessor:} 14... g6 15. Bxb6 axb6 16. Qd4 Nxh5 17. Bxc4 Qxc4 18. Qxc4 dxc4
19. Nbd2 Ra4 20. Rh4 Bd7 21. Rxc4 Rxc4 22. Nxc4 {1/2-1/2 (68) Severiukhina,Z 
(2279)-Okun,E (2145) Moscow 2012}) 15. c3 $1 {Threatens to win with g3.} f6 $1
$36 {[%cal Rf6e5][%mdl 2048] Black is pushing.} 16. g3 fxe5 17. Nxe5 Nxe5 18.
gxf4 Nf7 19. h6 Qxf4 20. hxg7 Rg8 {Strongly threatening ...Qe4+.} 21. Be2 Bd7
$1 22. Rh3 (22. Qd2 $17 {is a better defense.} Qxd2+ 23. Nxd2) 22... e5 $19 23.
Be3 Qf6 24. Rf3 (24. Rxh7 $2 d4 $19) 24... Qe6 25. Qa4 (25. Rg3 $142 d4 26. Bg4
) 25... Bb6 $2 (25... b6 $1 $19 {and Black stays clearly on top.} 26. Rg3 Qf6)
26. Rg3 Bxe3 27. fxe3 Qh6 {aiming for ...Qh2.} 28. Nd2 Nd6 (28... Rxg7 $17 29.
Rxg7 Qxg7) 29. O-O-O $1 $11 Qh2 (29... Rxg7 $11 30. Rxg7 Qxg7) 30. Rg5 $16 Rc8
{[#]} (30... Qxe2 $2 31. Rxe5+ Kd8 32. Rxd5 $18) 31. Qb4 {[%cal Rb4d6]} Qxe2
32. Rxe5+ {[%mdl 64] Double Attack} Kd8 33. Qxd6 (33. b6 $16 {[%cal Rb4h4]} Rc6
34. bxa7) 33... Rxc3+ $11 {[%mdl 64] Double Attack} 34. Kb2 Qd3 {( -> ...Rc2+)}
35. Nb1 $1 Qc2+ {[%mdl 8192]} (35... Rc2+ $11 {and Black stays safe.} 36. Ka1
Qxd1 37. Rxd5 (37. Rf5 $2 Ra2+ {[%mdl 64] Decoy, Clearance} 38. Kxa2 Qc2+ {
[%mdl 64] Double Attack} 39. Ka1 Qxf5 $19) 37... Qxd5 $1 38. Qxd5 Rxg7) 36. Ka1
$18 Qxd1 37. Re7 {[%csl Ge7][%cal Rd6d7]} Qg4 {[#]} (37... Rc7 $2 38. Rf7) 38.
Qf6 ({Less strong is} 38. Nxc3 Rxg7 39. Re5 (39. Nxd5 {is a self mate.} Qd1+
40. Kb2 Rg2+ 41. Kc3 Rc2+ 42. Kb4 Qb1+ 43. Ka5 Qxb5#) 39... b6 $14) 38... Rc4 {
[#] Hoping for ...Qg6.} ({But not} 38... Qg6 $2 39. Qf8+ Rxf8 40. gxf8=Q+ Kc7
41. Nxc3) 39. b6 $2 (39. Re4+ $1 $18 Kc7 40. Rxg4 Rxg4 41. Nc3) 39... Qg6 $1
$11 {[%cal Rg6f6] The position is equal.} 40. Qf8+ {[%mdl 64] Double Attack}
Be8 41. bxa7 Ra4 $1 42. Rxb7 {White threatens Qe7+ and mate.} Qxg7+ 43. Qxg7
Rxg7 44. Rxg7 {[%mdl 4096] Endgame Nc3 is the strong threat. KRB-KRN} Bd7 $1
45. Rg8+ Be8 46. Rg7 {Black must now prevent Nc3!} Bd7 $1 47. Nc3 Rxa3+ 48. Kb2
Rxa7 49. Nxd5 Rb7+ 50. Kc3 Bc6 51. Rxb7 {Weighted Error Value: White=0.26/
Black=0.16} 1/2-1/2

[Event "FIDE Chesscom Grand Swiss 2021"]
[Site "Riga"]
[Date "2021.10.29"]
[Round "3.6"]
[White "Yu, Yangyi"]
[Black "Bluebaum, Matthias"]
[Result "1-0"]
[WhiteElo "2704"]
[BlackElo "2640"]
[Annotator "TA"]
[PlyCount "65"]
[EventDate "2021.10.27"]
[EventType "swiss"]
[EventCountry "LAT"]
[Tiebreak "Cut1 Buchholz+Sonneborn-Berger (Swiss)"]
[SourceTitle "playchess.com"]
[Source "ChessBase"]
[SourceQuality "1"]

{[%evp 14,65,26,24,22,0,26,21,58,50,50,24,10,16,50,35,47,50,167,159,215,215,
219,216,258,264,265,262,264,264,262,257,257,257,261,258,316,331,380,380,391,
391,391,391,391,391,412,394,455,462,468,453,458,453]} 1. c4 e6 2. g3 d5 3. Bg2
Nf6 4. Nf3 dxc4 5. Qa4+ Nbd7 6. Qxc4 a6 7. Qc2 c5 8. Nc3 Qc7 {A13: English
Opening: 1...e6.} 9. d4 b6 {is now more promising than 9...b5.} 10. Bf4 Bd6 {
The position is equal.} 11. Bxd6 Qxd6 {[#]} 12. Ne4 $1 $146 {[%mdl 8] An
important novelty.} ({Predecessor:} 12. O-O Bb7 13. Rfd1 O-O 14. e4 cxd4 15.
Nxd4 Qc7 16. Rac1 Rac8 17. f4 Rfd8 18. e5 {1/2-1/2 (46) Svidler,P (2714)
-Nepomniachtchi,I (2792) Paris 2021}) 12... Nxe4 13. Qxe4 Ra7 14. O-O Bb7 15.
dxc5 Qxc5 {White now steadily converts the win.} (15... Nxc5 $14 16. Qe5 Qxe5
17. Nxe5 Ke7) 16. Qf4 $1 $18 {Threatens to win with Rac1.} O-O {[#]} (16... Qe7
$16 17. Rac1 e5 18. Nxe5 Nxe5) 17. Rfc1 $1 {[%cal Rc1c5]} Qb5 {[#]} 18. Rc7 $1
Qxb2 19. Qc1 Qxc1+ 20. Raxc1 Nc5 21. Ne5 Bxg2 22. Rxa7 Bd5 23. a3 a5 24. f3 h5
25. Rd1 a4 26. e4 Bb3 27. Rd6 f6 28. Ng6 Rb8 29. Nf4 e5 30. Nd5 Bxd5 31. exd5 {
White is clearly winning.} ({Weaker is} 31. Rxd5 Rc8 $18) 31... Kh8 32. Rc6 Rd8
33. d6 {Weighted Error Value: White=0.03/Black=0.22} 1-0

[Event "FIDE Chesscom Grand Swiss 2021"]
[Site "Riga"]
[Date "2021.10.29"]
[Round "3.7"]
[White "Sasikiran, Krishnan"]
[Black "Maghsoodloo, Parham"]
[Result "1/2-1/2"]
[WhiteElo "2640"]
[BlackElo "2701"]
[Annotator "TA"]
[PlyCount "66"]
[EventDate "2021.10.27"]
[EventType "swiss"]
[EventCountry "LAT"]
[Tiebreak "Cut1 Buchholz+Sonneborn-Berger (Swiss)"]
[SourceTitle "playchess.com"]
[Source "ChessBase"]
[SourceQuality "1"]

{[%evp 25,66,23,24,27,22,29,31,35,37,27,32,34,29,0,0,0,0,0,0,0,0,0,0,0,62,60,
62,27,27,0,62,63,55,56,192,93,65,0,168,0,78,0,156]} 1. e4 e5 2. Nf3 Nc6 3. Bb5
a6 4. Ba4 Nf6 5. O-O Be7 6. Re1 b5 7. Bb3 d6 8. c3 O-O 9. h3 Bb7 10. d4 Re8 11.
Nbd2 Bf8 12. a3 $1 {[%mdl 4] is now more promising than 12.a4.} h6 13. Bc2 d5
14. dxe5 {C93: Closed Ruy Lopez: Smyslov Variation.} Nxe5 15. Nxe5 Rxe5 16. Nf3
{White is slightly better.} Re8 {[%cal Rf6e4]} 17. e5 {[%cal Re5f6]} Ne4 18.
Bf4 c5 19. Qe2 {was the old line (19.a4).} f5 {[#]} 20. h4 $146 ({Predecessor:
} 20. Rad1 g5 21. Bh2 Qb6 22. Nd2 c4 23. Nf3 Bg7 24. h4 g4 25. Nd4 Qg6 26. a4
bxa4 27. Bxa4 {1/2-1/2 (34) Schoen,W (2482)-Hirsch,H (2206) Remote email 2014})
20... Be7 21. h5 Qb6 22. a4 Rad8 23. axb5 axb5 24. Red1 b4 (24... Ra8 $11) 25.
cxb4 $14 Qxb4 26. Bd2 Nxd2 27. Rxd2 Bc8 ({Better is} 27... Rf8 $11) 28. Ba4 $1
{[%cal Ra4e8]} Rf8 29. Bb5 {Threatens to win with Ra4.} Qe4 ({Black should try
} 29... c4 $14 30. Nd4 Bg5) 30. Qd1 (30. Ra7 $18 Rf7 31. Qd1) 30... Qb4 $16 31.
Qe2 (31. Bc6 $1 $14) 31... Qe4 $1 $18 32. Qd1 (32. Ra7 $18 {and White stays
clearly on top.} Bg5 33. Nxg5 hxg5 34. h6) 32... Qb4 $1 $16 {[%cal Rb4b5] [#]}
33. Qe2 (33. Bc6 $142 $1) 33... Qe4 $1 {Weighted Error Value: White=0.31/
Black=0.19} 1/2-1/2